El evangelio según "el discípulo a quien Jesús amaba"
সংরক্ষণ করুন:
| প্রধান লেখক: | |
|---|---|
| বিন্যাস: | গ্রন্থ |
| ভাষা: | স্প্যানিশ |
| প্রকাশিত: |
Bogotá
San Pablo
1994
|
| বিষয়গুলি: | |
| ট্যাগগুলো: |
ট্যাগ যুক্ত করুন
কোনো ট্যাগ নেই, প্রথমজন হিসাবে ট্যাগ করুন!
|
MARC
| LEADER | 00000nam a2200000 a 4500 | ||
|---|---|---|---|
| 001 | UCU1856 | ||
| 003 | CL-VaPUC | ||
| 008 | 960412e19940000CK |||||||||||||||||spa|d | ||
| 082 | 0 | 4 | |a 226.5 |b MER |2 21 |
| 100 | |a Mercier, Roberto |e autor |9 357647 | ||
| 245 | 1 | 3 | |a El evangelio según "el discípulo a quien Jesús amaba" |
| 300 | |a 2 v | ||
| 942 | |c BK | ||
| 945 | |d 19960412 00:00:00 |a aalvarez | ||
| 260 | |a Bogotá |b San Pablo |c 1994 | ||
| 600 | 0 | 7 | |a SAN JUAN EVANGELISTA |2 CL-VaPUC |9 357648 |
| 650 | 0 | |a Evangelistas |9 315131 | |
| 583 | |a last modification |c 19960412 00:00:00 |k Rodrigo Vera | ||
| 999 | |c 246330 |d 246328 | ||
| 952 | |0 0 |1 0 |4 0 |6 226_500000000000000_MER_1994 |7 0 |8 A |9 261221 |a BIBTEO |b BIBTEO |d 2019-11-19 |h v.1 |i 3185931 |o 226.5 MER 1994 |p 3185931 |r 2025-01-17 |w 2019-11-19 |y BK |k ICR | ||